FDR Presidential Cabinet - Statistics

General Stats
  • This quiz has been taken 74 times
  • The average score is 9 of 26
Answer Stats
Cabinet Position Cabinet Member % Correct
Vice President (1945) Harry Truman
100%
Secretary of Agriculture (1933-1940), Vice President (1941-1945), Secretary of Commerce (1945) Henry Wallace
81%
Vice President (1933-1941) John Nance Garner
72%
Secretary of State (1933-1944) Cordell Hull
58%
Secretary of War (1940-1945) Henry Stimson
58%
Secretary of Treasury (1934-1945) Henry Morgenthau Jr.
51%
Secretary of Labor (1933-1945) Frances Perkins
49%
Secretary of State (1944-1945) Edward Stettinius Jr.
40%
Secretary of the Interior (1933-1945) Harold Ickes
37%
Secretary of the Navy (1940-1944) Frank Knox
30%
Attorney General (1940-1941) Robert Jackson
30%
Secretary of Commerce (1939-1940) Harry Hopkins
23%
Postmaster General (1933-1940) James Farley
21%
Attorney General (1933-1939) Homer Cummings
19%
Secretary of Commerce (1940-1945) Jesse Jones
19%
Secretary of the Navy (1933-1939) Claude Swanson
16%
Attorney General (1941-1945) Francis Biddle
16%
Attorney General (1939-1940) Frank Murphy
16%
Postmaster General (1940-1945) Frank Walker
16%
Secretary of the Navy (1944-1945) James Forrestal
16%
Secretary of Treasury (1933-1934) William Woodin
16%
Secretary of the Navy (1940) Charles Edison
14%
Secretary of Agriculture (1940-1945) Claude Wickard
14%
Secretary of Commerce (1933-1938) Daniel Roper
14%
Secretary of War (1933-1936) George Dern
14%
Secretary of War (1936-1940) Harry Woodring
14%
No matching quizzes found
Score Distribution
Percent of People with Each Score
Percentile by Number Answered
Your Score History
You have not taken this quiz